<?xml version="1.0" encoding="UTF-8"?>
<record
    xmlns:xsi="http://www.w3.org/2001/XMLSchema-instance"
    xsi:schemaLocation="http://www.loc.gov/MARC21/slim http://www.loc.gov/standards/marcxml/schema/MARC21slim.xsd"
    xmlns="http://www.loc.gov/MARC21/slim">

  <leader>00786na  a2200253   4500</leader>
  <controlfield tag="001">13535</controlfield>
  <controlfield tag="003">MIRAKIL</controlfield>
  <controlfield tag="005">20181213154855.0</controlfield>
  <controlfield tag="008">161010b        tu            000 0      </controlfield>
  <datafield tag="020" ind1=" " ind2=" ">
    <subfield code="a">9759586355</subfield>
  </datafield>
  <datafield tag="035" ind1=" " ind2=" ">
    <subfield code="a">13535</subfield>
  </datafield>
  <datafield tag="040" ind1=" " ind2=" ">
    <subfield code="a">Milas</subfield>
    <subfield code="b">tur</subfield>
    <subfield code="c">TR-AnCHP</subfield>
  </datafield>
  <datafield tag="041" ind1=" " ind2=" ">
    <subfield code="a">tur</subfield>
  </datafield>
  <datafield tag="082" ind1=" " ind2=" ">
    <subfield code="a">331.42 </subfield>
    <subfield code="b">K96 1998</subfield>
  </datafield>
  <datafield tag="090" ind1=" " ind2=" ">
    <subfield code="a">331.42 K96 1998</subfield>
  </datafield>
  <datafield tag="245" ind1=" " ind2=" ">
    <subfield code="a">K&#xFC;resel pazar a&#xE7;&#x131;s&#x131;ndan kad&#x131;n eme&#x11F;i ve istihdam&#x131;ndaki de&#x11F;i&#x15F;meler</subfield>
    <subfield code="b">T&#xFC;rkiye &#xF6;rne&#x11F;i</subfield>
    <subfield code="c">yay&#x131;na haz&#x131;rlayan Ferhunde &#xD6;zbay</subfield>
  </datafield>
  <datafield tag="260" ind1=" " ind2=" ">
    <subfield code="a">&#x130;stanbul</subfield>
    <subfield code="b">&#x130;nsan Kayna&#x11F;&#x131;n&#x131; Geli&#x15F;tirme Vakf&#x131;</subfield>
    <subfield code="c">1998</subfield>
  </datafield>
  <datafield tag="300" ind1=" " ind2=" ">
    <subfield code="a">xiii, 191 s.</subfield>
    <subfield code="c">21 sm.</subfield>
  </datafield>
  <datafield tag="504" ind1=" " ind2=" ">
    <subfield code="a">Kaynak&#xE7;a var.</subfield>
  </datafield>
  <datafield tag="650" ind1=" " ind2=" ">
    <subfield code="a">Kad&#x131;n i&#x15F;&#xE7;iler</subfield>
    <subfield code="x">&#x130;stihdam</subfield>
    <subfield code="z">T&#xFC;rkiye</subfield>
  </datafield>
  <datafield tag="650" ind1=" " ind2=" ">
    <subfield code="a">Kad&#x131;n i&#x15F;g&#xFC;c&#xFC;</subfield>
    <subfield code="x">T&#xFC;rkiye</subfield>
  </datafield>
  <datafield tag="700" ind1=" " ind2=" ">
    <subfield code="a">&#xD6;zbay, Ferhunde</subfield>
  </datafield>
  <datafield tag="942" ind1=" " ind2=" ">
    <subfield code="2">ddc</subfield>
    <subfield code="c">BKS</subfield>
  </datafield>
  <datafield tag="952" ind1=" " ind2=" ">
    <subfield code="a">0001</subfield>
    <subfield code="b">0001</subfield>
    <subfield code="d">2016-08-15</subfield>
    <subfield code="e">2</subfield>
    <subfield code="l">0</subfield>
    <subfield code="o">331.42 K96 1998</subfield>
    <subfield code="p">000887</subfield>
    <subfield code="r">2016-08-15 00:00:00</subfield>
    <subfield code="v">0.00</subfield>
    <subfield code="w">2016-08-15</subfield>
    <subfield code="y">BKS</subfield>
  </datafield>
  <datafield tag="999" ind1=" " ind2=" ">
    <subfield code="c">2374</subfield>
    <subfield code="d">2374</subfield>
  </datafield>
</record>
